000 00506nam a2200157 i 4500
001 43500
003 ES-MaACL
005 20230906160819.0
007 t|
008 030318s1971 sp ||||1| spa d
100 1 _aCastro del Pozo, Sisinio de.
_936918
245 1 0 _aMetabolismo del hierro
_b: fisiopatología, semiología, clínica y tratamiento /
_cSisinio de Castro del Pozo.
260 _aMadrid :
_bPaz Montalvo,
_c1971.
300 _a221 p. :
_bil. ;
_c21 cm.
852 _aES-MaACL
_jC-41931
_bR.75934
999 _c43500
_d43500